| 000 | 01004nam a22002657a 4500 | ||
|---|---|---|---|
| 001 | 1549 | ||
| 003 | FISKH | ||
| 005 | 20230906142212.0 | ||
| 008 | 230906b cb ||||| |||| 00| 0 eng d | ||
| 020 | _a9788175994324 | ||
| 040 |
_aDLC _cDLC _dDLC _dFISKH _beng |
||
| 042 | _alcac | ||
| 050 | 0 | 0 | _aPZ7.W4643 |
| 082 | 0 | 0 |
_aFic _221 |
| 100 | 1 |
_aWells, H. G. _q(Herbert George), _d1866-1946. |
|
| 245 | 1 | 4 |
_aThe invisible man / _cH.G. Wells ; adapted by Malvina G. Vogel ; illustrations by Pablo Marcos. |
| 260 |
_aNew Delhi : _bPrakash Books, _c2022 |
||
| 300 |
_a160 pages : _c20 cm |
||
| 520 | _aA quiet English country village is disturbed by the arrival of a mysterious stranger who keeps his face hidden and his back to everyone. | ||
| 521 | 8 |
_a920
_bLexile |
|
| 650 | 1 | _aScience fiction. | |
| 906 |
_a7 _bcbc _corignew _d1 _eocip _f20 _gy-gencatlg |
||
| 942 |
_2ddc _cBK _n0 |
||
| 999 |
_c1549 _d1549 |
||